书目信息 |
| 题名: |
国际共产主义运动史
|
|
| 作者: | ;《国际共产主义运动史》编写组 编 | |
| 分册: | ||
| 出版信息: | 北京 人民出版社 1978.4 |
|
| 页数: | 724页 | |
| 开本: | 20cm | |
| 丛书名: | ||
| 单 册: | ||
| 中图分类: | D1 | |
| 科图分类: | ||
| 主题词: | 国际共产主义运动 | |
| 电子资源: | ||
| ISBN: | ||
| 000 | 00606nam0 2200193 45 | |
| 001 | 0303120942 | |
| 005 | 20070729164141.99 | |
| 010 | @dCNY1.65 | |
| 091 | @a11001.284 | |
| 100 | @a20030312d1978 km y0chiy0120 ea | |
| 101 | 0 | @achi |
| 200 | 1 | @a国际共产主义运动史@AGuo Ji Gong Chan Zhu Yi Yun Dong Shi@f《国际共产主义运动史》编写组编@F《Guo Ji Gong Chan Zhu Yi Yun Dong Shi》Bian Xie Zu Bian |
| 210 | @a北京@c人民出版社@d1978.4 | |
| 215 | @a724页@d20cm | |
| 606 | 0 | @a国际共产主义运动 |
| 690 | @aD1@v3 | |
| 711 | 02 | @a《国际共产主义运动史》编写组@4编 |
| 801 | @aCN@bTSTC@c20070729 | |
| 905 | @b1166@dD1@e1:1@f1 | |
| 国际共产主义运动史/《国际共产主义运动史》编写组编.-北京:人民出版社,1978.4 |
| 724页;20cm |
| ISBN :CNY1.65 |
| ● |
| 相关链接 |
|
|
|
|
正题名:国际共产主义运动史
索取号:D1/1:1
 
预约/预借
| 序号 | 登录号 | 条形码 | 馆藏地/架位号 | 状态 | 备注 |
| 1 | 0001166 | 001795533 | 密集书库/ [索取号:D1/1:1] | 在馆 | |
| 2 | 0465479 | 204654793 | 密集书库/ [索取号:D1/1:1] | 在馆 | |
| 3 | 0786981 | 207869813 | 密集书库/ [索取号:D1/1:1] | 在馆 |